<?xml version='1.0' encoding='UTF-8'?>
  <record xmlns="http://www.loc.gov/MARC21/slim">
    <leader>00000cam a22000007i 4500</leader>
    <controlfield tag="001">on1393222526</controlfield>
    <controlfield tag="003">OCoLC</controlfield>
    <controlfield tag="005">20250709062630.4</controlfield>
    <controlfield tag="008">230810s1583    gw            000 0 lat d</controlfield>
    <datafield tag="040" ind1=" " ind2=" ">
      <subfield code="a">QGJ</subfield>
      <subfield code="b">eng</subfield>
      <subfield code="e">rda</subfield>
      <subfield code="e">dcrmr</subfield>
      <subfield code="c">QGJ</subfield>
      <subfield code="d">QGJ</subfield>
      <subfield code="d">OCLCF</subfield>
      <subfield code="d">QGJ</subfield>
    </datafield>
    <datafield tag="035" ind1=" " ind2=" ">
      <subfield code="a">(OCoLC)1393222526</subfield>
    </datafield>
    <datafield tag="100" ind1="1" ind2=" ">
      <subfield code="a">Polit, Jean,</subfield>
      <subfield code="d">approximately 1554-approximately 1601,</subfield>
      <subfield code="e">author.</subfield>
      <subfield code="4">aut</subfield>
    </datafield>
    <datafield tag="245" ind1="1" ind2="0">
      <subfield code="a">Reuerendissimi ac serenissimi principis Ernesti, vtriusque Bauariae Ducis, in Leodiensium Principem cheirotonia, illiusque in suam Ciuitatem, ac reliquas Leodinae patriae vrbes, solennis inauguratio :</subfield>
      <subfield code="b">In quibus omnibus, praeter optimi Principis populiq[ue] officiosißimi mutua studia, variae etiam Eburonum Prouinciae antiquitates, caeteraq[ue] id genus memoratu digna, tum carmine, tum soluta oratione explicantur. His accessit Tractatus de Boiorum origine, rebus gestis, &amp; Bauariae praestantia. /</subfield>
      <subfield code="c">A. Iohanne Polito Leodio.</subfield>
    </datafield>
    <datafield tag="246" ind1="3" ind2=" ">
      <subfield code="a">Reverendissimi ac serenissimi principis Ernesti, utriusque Bavariae Ducis, in Leodiensium Principem cheirotonia, illiusque in suam Civitatem, ac reliquas Leodinae patriae urbes, solennis inauguratio</subfield>
    </datafield>
    <datafield tag="264" ind1=" " ind2="1">
      <subfield code="a">Coloniae Agrippinae, :</subfield>
      <subfield code="b">Apud Ioannem Gymnicum, sub Monocerote,</subfield>
      <subfield code="c">M. D. LXXXIII [1583]</subfield>
    </datafield>
    <datafield tag="300" ind1=" " ind2=" ">
      <subfield code="a">[16], 113, [7] pages ;</subfield>
      <subfield code="c">17 cm (8vo)</subfield>
    </datafield>
    <datafield tag="336" ind1=" " ind2=" ">
      <subfield code="a">text</subfield>
      <subfield code="b">txt</subfield>
      <subfield code="2">rdacontent</subfield>
    </datafield>
    <datafield tag="337" ind1=" " ind2=" ">
      <subfield code="a">unmediated</subfield>
      <subfield code="b">n</subfield>
      <subfield code="2">rdamedia</subfield>
    </datafield>
    <datafield tag="338" ind1=" " ind2=" ">
      <subfield code="a">volume</subfield>
      <subfield code="b">nc</subfield>
      <subfield code="2">rdacarrier</subfield>
    </datafield>
    <datafield tag="340" ind1=" " ind2=" ">
      <subfield code="m">8vo</subfield>
      <subfield code="2">rdabf</subfield>
    </datafield>
    <datafield tag="500" ind1=" " ind2=" ">
      <subfield code="a">Title word cheirotonia in Greek script.</subfield>
    </datafield>
    <datafield tag="500" ind1=" " ind2=" ">
      <subfield code="a">Printer's device on title page with slogan: Discite iusticiam moniti.</subfield>
    </datafield>
    <datafield tag="500" ind1=" " ind2=" ">
      <subfield code="a">Contains also poems by Godefridus Taxius, Sebastianus Duphaetus, Robertus Quercentius, Laurentius Balista, Andreas de Somme.</subfield>
    </datafield>
    <datafield tag="500" ind1=" " ind2=" ">
      <subfield code="a">Historiated initials, printed marginal notes.</subfield>
    </datafield>
    <datafield tag="500" ind1=" " ind2=" ">
      <subfield code="a">Signatures: [dagger]⁸ A-G⁸ H⁴; [dagger]1v and H4 are blank.</subfield>
    </datafield>
    <datafield tag="510" ind1="4" ind2=" ">
      <subfield code="a">Verzeichnis der im deutschen Sprachbereich erschienenen Drucke des 16. Jahrhunderts (VD 16),</subfield>
      <subfield code="c">P 3979</subfield>
      <subfield code="u">https://gateway-bayern.de/VD16+P+3979</subfield>
    </datafield>
    <datafield tag="510" ind1="4" ind2=" ">
      <subfield code="3">Polit, Jean. Tractatus de Boiorum origine, rebus gestis et Bavariae praestantia:</subfield>
      <subfield code="a">Verzeichnis der im deutschen Sprachbereich erschienenen Drucke des 16. Jahrhunderts (VD 16),</subfield>
      <subfield code="c">P 3980</subfield>
      <subfield code="u">https://gateway-bayern.de/VD16+P+3980</subfield>
    </datafield>
    <datafield tag="600" ind1="0" ind2="0">
      <subfield code="a">Ernest,</subfield>
      <subfield code="c">of Bavaria, Archbishop and Elector of Cologne,</subfield>
      <subfield code="d">1554-1612.</subfield>
    </datafield>
    <datafield tag="600" ind1="0" ind2="7">
      <subfield code="a">Ernest,</subfield>
      <subfield code="c">of Bavaria, Archbishop and Elector of Cologne,</subfield>
      <subfield code="d">1554-1612</subfield>
      <subfield code="2">fast</subfield>
      <subfield code="1">https://id.oclc.org/worldcat/entity/E39PBJgcYcGCTdfwqYfpMr4cyd</subfield>
    </datafield>
    <datafield tag="700" ind1="0" ind2=" ">
      <subfield code="a">Ernest,</subfield>
      <subfield code="c">of Bavaria, Archbishop and Elector of Cologne,</subfield>
      <subfield code="d">1554-1612,</subfield>
      <subfield code="e">dedicatee.</subfield>
      <subfield code="4">dte</subfield>
      <subfield code="1">https://id.oclc.org/worldcat/entity/E39PBJgcYcGCTdfwqYfpMr4cyd</subfield>
    </datafield>
    <datafield tag="700" ind1="0" ind2=" ">
      <subfield code="a">Wilhelm</subfield>
      <subfield code="b">V,</subfield>
      <subfield code="c">Duke of Bavaria,</subfield>
      <subfield code="d">1548-1626,</subfield>
      <subfield code="e">dedicatee.</subfield>
      <subfield code="4">dte</subfield>
      <subfield code="1">https://id.oclc.org/worldcat/entity/E39PBJpjdjj4JxtCtw7gPXYgKd</subfield>
    </datafield>
    <datafield tag="700" ind1="0" ind2=" ">
      <subfield code="a">Ferdinand,</subfield>
      <subfield code="c">of Bavaria,</subfield>
      <subfield code="d">1550-1608,</subfield>
      <subfield code="e">dedicatee.</subfield>
      <subfield code="4">dte</subfield>
    </datafield>
    <datafield tag="700" ind1="1" ind2="2">
      <subfield code="i">Container of (work):</subfield>
      <subfield code="a">Polit, Jean,</subfield>
      <subfield code="d">approximately 1554-approximately 1601.</subfield>
      <subfield code="t">Tractatus de Boiorum origine, rebus gestis et Bavariae praestantia.</subfield>
    </datafield>
    <datafield tag="700" ind1="1" ind2=" ">
      <subfield code="a">Taxius, Godefridus,</subfield>
      <subfield code="e">contributor</subfield>
      <subfield code="4">ctb</subfield>
    </datafield>
    <datafield tag="700" ind1="1" ind2=" ">
      <subfield code="a">Duphaetus, Sebastianus,</subfield>
      <subfield code="e">contributor</subfield>
      <subfield code="4">ctb</subfield>
    </datafield>
    <datafield tag="700" ind1="1" ind2=" ">
      <subfield code="a">Quercentius, Robertus,</subfield>
      <subfield code="e">contributor</subfield>
      <subfield code="4">ctb</subfield>
    </datafield>
    <datafield tag="700" ind1="1" ind2=" ">
      <subfield code="a">Balista, Laurentius,</subfield>
      <subfield code="e">contributor</subfield>
      <subfield code="4">ctb</subfield>
    </datafield>
    <datafield tag="700" ind1="1" ind2=" ">
      <subfield code="a">Somme, Andreas de,</subfield>
      <subfield code="e">contributor</subfield>
      <subfield code="4">ctb</subfield>
    </datafield>
    <datafield tag="700" ind1="1" ind2=" ">
      <subfield code="a">Gymnich, Johann,</subfield>
      <subfield code="d">-1596,</subfield>
      <subfield code="e">printer.</subfield>
      <subfield code="4">prt</subfield>
      <subfield code="1">https://id.oclc.org/worldcat/entity/E39PBJht7YjQTD4vhrcvCYpF8C</subfield>
    </datafield>
    <datafield tag="752" ind1=" " ind2=" ">
      <subfield code="a">Germany</subfield>
      <subfield code="d">Cologne,</subfield>
      <subfield code="e">publication place.</subfield>
      <subfield code="4">pup</subfield>
    </datafield>
  </record>